| 000 | 00663nam a2200217 i 4500 | ||
|---|---|---|---|
| 001 | 75986 | ||
| 003 | ES-MaACL | ||
| 005 | 20250808011058.0 | ||
| 007 | t| | ||
| 008 | 040928s1973 sp |||| | spa d | ||
| 100 | 1 |
_aGrobstein, Clifford. _960103 |
|
| 245 | 1 | 3 |
_aLa estrategia de la vida / _cClifford Grobstein ; versión, Julio R. Villanueva, Isabel García Acha. |
| 250 | _a1ª ed. | ||
| 260 |
_aBarcelona : _bBlume, _c1973. |
||
| 300 |
_aXV, 127 p. ; _c21 cm. |
||
| 650 | 7 |
_aVida (Biología) _2embne _9136981 |
|
| 700 | 1 |
_aVillanueva, Julio R. _9181288 |
|
| 700 | 1 |
_aGarcía Acha, Isabel. _954115 |
|
| 852 |
_aES-MaACL _jC-54783 |
||
| 999 |
_c75986 _d75986 |
||